<?xml version="1.0" encoding="UTF-8"?>
<record
    xmlns:xsi="http://www.w3.org/2001/XMLSchema-instance"
    xsi:schemaLocation="http://www.loc.gov/MARC21/slim http://www.loc.gov/standards/marcxml/schema/MARC21slim.xsd"
    xmlns="http://www.loc.gov/MARC21/slim">

  <leader>00878nam a2200205Ia 4500</leader>
  <controlfield tag="003">OSt</controlfield>
  <controlfield tag="005">20240322092437.0</controlfield>
  <controlfield tag="008">210210b2003   xxu||||| |||| 00| 0 eng d</controlfield>
  <datafield tag="040" ind1=" " ind2=" ">
    <subfield code="c">AL</subfield>
  </datafield>
  <datafield tag="041" ind1=" " ind2=" ">
    <subfield code="a">Kannada</subfield>
  </datafield>
  <datafield tag="082" ind1=" " ind2=" ">
    <subfield code="a">K894.8 MALS</subfield>
  </datafield>
  <datafield tag="100" ind1=" " ind2=" ">
    <subfield code="a">MALINI MALYA (B), Ed.</subfield>
    <subfield code="9">93202</subfield>
    <subfield code="d">&#xCAE;&#xCBE;&#xCB2;&#xCBF;&#xCA8;&#xCBF; &#xCAE;&#xCB2;&#xCCD;&#xCAF; (&#xCAC;&#xCBF;)</subfield>
  </datafield>
  <datafield tag="245" ind1=" " ind2=" ">
    <subfield code="a">Shivarama Karantara sahitya shreni: samputa 16 kadambari 15; mukajjiya kanasugalu;maimanagala suliyalli</subfield>
    <subfield code="b">&#xCB6;&#xCBF;&#xCB5;&#xCB0;&#xCBE;&#xCAE; &#xC95;&#xCBE;&#xCB0;&#xC82;&#xCA4; &#xCB8;&#xCBE;&#xCB9;&#xCBF;&#xCA4;&#xCCD;&#xCAF; &#xCB6;&#xCCD;&#xCB0;&#xCC7;&#xCA3;&#xCBF; : &#xCB8;&#xC82;&#xCAA;&#xCC1;&#xC9F; &#xCE7;&#xCEC; , &#xC95;&#xCBE;&#xCA6;&#xC82;&#xCAC;&#xCB0;&#xCBF; &#xCE7;&#xCEB; : &#xCAE;&#xCC2;&#xC95;&#xC9C;&#xCCD;&#xC9C;&#xCBF;&#xCAF; &#xC95;&#xCA8;&#xCB8;&#xCC1;&#xC97;&#xCB3;&#xCC1; , &#xCAE;&#xCC8; &#xCAE;&#xCA8;&#xC97;&#xCB3; &#xCB8;&#xCC1;&#xCB3;&#xCBF;&#xCAF;&#xCB2;&#xCCD;&#xCB2;&#xCBF;</subfield>
  </datafield>
  <datafield tag="260" ind1=" " ind2=" ">
    <subfield code="a">Bengaluru.</subfield>
    <subfield code="b">Kannada Mattu Samskrathi Nirdeshanalaya.,</subfield>
    <subfield code="c">2003</subfield>
  </datafield>
  <datafield tag="300" ind1=" " ind2=" ">
    <subfield code="a">x,463</subfield>
  </datafield>
  <datafield tag="440" ind1=" " ind2=" ">
    <subfield code="a">16</subfield>
    <subfield code="9">93203</subfield>
  </datafield>
  <datafield tag="690" ind1=" " ind2=" ">
    <subfield code="a">Kannada Collections</subfield>
    <subfield code="9">93204</subfield>
  </datafield>
  <datafield tag="906" ind1=" " ind2=" ">
    <subfield code="a">060171</subfield>
  </datafield>
  <datafield tag="942" ind1=" " ind2=" ">
    <subfield code="2">ddc</subfield>
    <subfield code="c">BK</subfield>
  </datafield>
  <datafield tag="999" ind1=" " ind2=" ">
    <subfield code="c">107201</subfield>
    <subfield code="d">107201</subfield>
  </datafield>
  <datafield tag="952" ind1=" " ind2=" ">
    <subfield code="0">0</subfield>
    <subfield code="1">0</subfield>
    <subfield code="2">ddc</subfield>
    <subfield code="4">0</subfield>
    <subfield code="7">0</subfield>
    <subfield code="8">KAN</subfield>
    <subfield code="a">AL</subfield>
    <subfield code="b">AL</subfield>
    <subfield code="d">2021-02-17</subfield>
    <subfield code="e">Kannada mattu samskrati nirdeshanalaya, Bengaluru</subfield>
    <subfield code="g">50.00</subfield>
    <subfield code="l">6</subfield>
    <subfield code="m">1</subfield>
    <subfield code="o">K894.8 MALS</subfield>
    <subfield code="p">060171</subfield>
    <subfield code="r">2025-03-14 00:00:00</subfield>
    <subfield code="s">2025-03-14</subfield>
    <subfield code="w">2021-02-17</subfield>
    <subfield code="y">BK</subfield>
  </datafield>
</record>
